Social issues, globalisation and international institutions:labour rights and the EU, ILO, OECD and WTO (Record no. 4744)
[ view plain ]
| 000 -LEADER | |
|---|---|
| fixed length control field | 00674nam a2200217Ia 4500 |
| 020 ## - INTERNATIONAL STANDARD BOOK NUMBER | |
| ISBN | 90-04-14579-6 |
| 082 ## - DEWEY DECIMAL CLASSIFICATION NUMBER | |
| Classification number | 323 SOC- |
| 245 #0 - TITLE STATEMENT | |
| Title | Social issues, globalisation and international institutions:labour rights and the EU, ILO, OECD and WTO |
| 260 ## - PUBLICATION, DISTRIBUTION, ETC. (IMPRINT) | |
| Place of publication | Leiden |
| Name of publisher | Martinus Nijhoff Publishers |
| Year of publication | 2006 |
| 300 ## - PHYSICAL DESCRIPTION | |
| Number of Pages | xxii, 418 |
| 440 ## - SERIES STATEMENT/ADDED ENTRY--TITLE | |
| Title | International studies in human rights; Vol. 84 |
| 504 ## - BIBLIOGRAPHY, ETC. NOTE | |
| Bibliography, etc | includes index |
| 650 ## - SUBJECT ADDED ENTRY--TOPICAL TERM | |
| Topical Term | Human rights |
| 650 ## - SUBJECT ADDED ENTRY--TOPICAL TERM | |
| Topical Term | International institutions |
| Form subdivision | Political aspects |
| 650 ## - SUBJECT ADDED ENTRY--TOPICAL TERM | |
| Topical Term | Globalization |
| 650 ## - SUBJECT ADDED ENTRY--TOPICAL TERM | |
| Topical Term | Employee rights |
| 650 ## - SUBJECT ADDED ENTRY--TOPICAL TERM | |
| Topical Term | Globalisation |
| 700 ## - ADDED ENTRY--PERSONAL NAME | |
| Personal name | Leary, Virginia A. |
| 700 ## - ADDED ENTRY--PERSONAL NAME | |
| Personal name | Warner, Daniel |
| 942 ## - ADDED ENTRY ELEMENTS (KOHA) | |
| Koha item type | Books |
| Withdrawn status | Lost status | Damaged status | Not for loan | Home library | Current library | Date acquired | Source of acquisition | Bill Date | Full call number | Accession Number | Price effective from | Koha item type |
|---|---|---|---|---|---|---|---|---|---|---|---|---|
| NASSDOC Library | NASSDOC Library | 17/03/2006 | SSS | 2006-03-06 | 323 SOC- | 41482 | 18/04/2019 | Books |
